Arctic Monkeys Lyrics - Love Is A Laserquest - Statistics

General Stats
  • This quiz has been taken 153 times
  • The average score is 179 of 212
Answer Stats
Lyrics % Correct
a
99%
I
99%
Do
98%
do
98%
is
98%
laserquest
98%
love
98%
you
98%
still
96%
now
94%
Now
94%
than
94%
that
94%
And
93%
and
93%
by
93%
feel
93%
it
93%
Or
93%
or
93%
think
93%
thought
93%
have
91%
old
91%
the
91%
younger
91%
to
90%
To
90%
would
90%
some
89%
take
89%
yet?
89%
you're
89%
feeling
88%
I'm
88%
on
88%
started
88%
as
86%
can
86%
in
86%
just
86%
lover
86%
lover?
86%
of
86%
were
86%
all
85%
darling,
85%
When
85%
when
85%
But
84%
only
84%
pretend
84%
seriously?
84%
With
84%
I've
83%
about
81%
being
81%
believe
81%
busy
81%
can't
81%
got
81%
make-
81%
more
81%
thinking
81%
always
80%
had
80%
tried
80%
youth
80%
my
79%
there
79%
this
79%
without
79%
ask
78%
covered?
78%
hearts
78%
kisses
78%
not
78%
sure
78%
surprise
78%
breaking
76%
comes
76%
efficiency
76%
yourself
76%
anything
75%
daydreams
75%
Don't
75%
doubt
75%
look
75%
mirror
75%
dream
74%
goodnight
74%
into
74%
remind
74%
find
73%
somebody's
73%
found
71%
hide
71%
myself
71%
anywhere
70%
chair
70%
convince
70%
songs
70%
hanging
69%
honest
69%
need
69%
rocking
69%
another
68%
around
68%
better
68%
Pretending
68%
Singing
68%
dreadful
66%
harness
66%
worry,
66%
for
65%
eyes
64%
summer
64%
method
63%
minute,
60%
easier
59%
gets
59%
rings
56%
pipe
55%
slippers
55%
Will
46%
No matching quizzes found
Score Distribution
Percent of People with Each Score
Percentile by Number Answered
Your Score History
You have not taken this quiz